000 00691nam a2200229Ia 4500
003 OSt
005 20220927104618.0
006 a|||||r|||| 00| 0
007 ta
008 220926b |||||||| |||| 00| 0 eng d
024 _a150343
037 _cReference Collections
040 _aRTL
_cRTL
_beng
041 _2eng
_aeng
082 _a"Y:434.2.N7, MO/UN"
100 _aVisariac Pravin
_9366559
245 0 _aPoverty and Unemployment in India
_b An analysis of recent evidence
260 _aWashington
_bWorld Bank
_c1980
300 _a38 p
_ccm.
942 _h"Y:434.2.N7, MO/UN"
_cCC
999 _c688114
_d688114